00714nam a2200241 a 4500001001300000003000900013005001700022008004100039020001100080082001500091100002100106245003700127260004400164300000900208500003500217505001000252650002700262700002100289902000800310942000700318952013000325999001700455nice12345678IN_TiNIC20260116014506.0080318s2008 newa grp 000 0 eng  ac119500a305.4bBHA aBharihoke, Meera aRights of Hindu and Muslim Women aNew Delhi bSerials Publications c2008 a397p aincludes index and biblioraphy2 aIndex aWomen and Human Rights1 aBharihoke, Meera bSRS cBK 001040708StackRoom-aHMIbHMId2008-03-18g1195.00l1o305.4 BHAp022289r2018-11-27s2018-09-19v1195.00w2008-03-18yBK c15599d15599